000 00318nam a2200133Ia 4500
005 20260328104319.0
008 260328s9999||||xx |||||||||||||| ||und||
100 _aChemetott, Alexandre
245 0 _aYves Lion /
_cAlexandre Chemetott
260 _bGustavo Gili
300 _a96 p.
650 _aESCUELAS
942 _cBK
999 _c11285
_d11285